Urban America: a history with documents

Guardat en:
Dades bibliogràfiques
Autor principal: Still, Bayrd (Autor)
Format: Llibre
Idioma:anglès
Publicat: Boston Little, Brown 1974
Edició:1a. ed
Matèries:
Etiquetes: Afegir etiqueta
Sense etiquetes, Sigues el primer a etiquetar aquest registre!

MARC

LEADER 00000nam a2200000 a 4500
001 UCH1374
003 CL-VaPUC
008 090427e19740000US |||||||||||||||||eng|d
082 0 4 |a 711.4  |b STI  |2 21 
100 0 |a Still, Bayrd  |e author  |9 535843 
245 1 0 |a Urban America: a history with documents 
250 |a 1a. ed 
300 |a 566 p 
942 |c BK 
945 |d 20090427 00:00:00  |a rbrito 
260 |a Boston  |b Little, Brown  |c 1974 
650 0 |a Urbanismo  |9 255208 
650 7 |a DESARROLLO URBANO  |2 CL-VaPUC  |9 535844 
650 0 |a Urbanización   |9 265706 
650 0 |a Planificación urbana   |9 258176 
651 0 |a América  |9 255182 
583 |a last modification  |c 20090427 00:00:00  |k Rodrigo Vera 
999 |c 333425  |d 333423 
952 |0 0  |1 0  |4 0  |6 711_400000000000000_STI_1974  |7 0  |8 A  |9 421809  |a BIBHIS  |b BIBHIS  |d 2019-11-22  |i 4539672  |o 711.4 STI 1974  |p 4539672  |r 2025-01-20  |w 2019-11-22  |y BK  |k HIS